<?xml version="1.0" encoding="UTF-8"?>
<record
    xmlns:xsi="http://www.w3.org/2001/XMLSchema-instance"
    xsi:schemaLocation="http://www.loc.gov/MARC21/slim http://www.loc.gov/standards/marcxml/schema/MARC21slim.xsd"
    xmlns="http://www.loc.gov/MARC21/slim">

  <leader>01433nas a2200301 i 4500</leader>
  <controlfield tag="005">20260304145657.0</controlfield>
  <controlfield tag="007">ta</controlfield>
  <controlfield tag="008">260303e2015    dr fn p|ro   ||   |ospa ||spa| </controlfield>
  <datafield tag="011" ind1=" " ind2=" ">
    <subfield code="a">2018      </subfield>
  </datafield>
  <datafield tag="020" ind1=" " ind2=" ">
    <subfield code="a">2413-7707</subfield>
  </datafield>
  <datafield tag="040" ind1=" " ind2=" ">
    <subfield code="a">DO-SdBNP</subfield>
    <subfield code="b">spa</subfield>
    <subfield code="c">BNPHU</subfield>
    <subfield code="e">rda</subfield>
  </datafield>
  <datafield tag="041" ind1=" " ind2=" ">
    <subfield code="h">spa</subfield>
  </datafield>
  <datafield tag="100" ind1=" " ind2=" ">
    <subfield code="a">Hallal, Farah,</subfield>
    <subfield code="d">1975-</subfield>
    <subfield code="9">43403</subfield>
    <subfield code="e">director/a</subfield>
  </datafield>
  <datafield tag="245" ind1=" " ind2=" ">
    <subfield code="a">Fu&#xE1;quiti cr&#xED;tico y divertido /</subfield>
    <subfield code="c">Farah Hallal.</subfield>
  </datafield>
  <datafield tag="264" ind1=" " ind2=" ">
    <subfield code="a">Santo Domingo, Rep&#xFA;blica Dominicana : </subfield>
    <subfield code="b">Fu&#xE1;quiti, </subfield>
    <subfield code="c">2015.</subfield>
  </datafield>
  <datafield tag="300" ind1=" " ind2=" ">
    <subfield code="a">volumen : </subfield>
    <subfield code="b">ilustraciones, fotograf&#xED;as ; </subfield>
    <subfield code="c">41 cm.</subfield>
  </datafield>
  <datafield tag="310" ind1=" " ind2=" ">
    <subfield code="a">Semanal. </subfield>
  </datafield>
  <datafield tag="336" ind1=" " ind2=" ">
    <subfield code="a">texto</subfield>
    <subfield code="b">txt </subfield>
    <subfield code="2">rdacontent</subfield>
  </datafield>
  <datafield tag="337" ind1=" " ind2=" ">
    <subfield code="a">sin mediaci&#xF3;n </subfield>
    <subfield code="b">n </subfield>
    <subfield code="2">rdamedia</subfield>
  </datafield>
  <datafield tag="338" ind1=" " ind2=" ">
    <subfield code="a">volumen </subfield>
    <subfield code="b">nc </subfield>
    <subfield code="2">rdacarrier</subfield>
  </datafield>
  <datafield tag="362" ind1=" " ind2=" ">
    <subfield code="a">A&#xF1;o 1. N&#xFA;mero 1, septiembre 2015.</subfield>
  </datafield>
  <datafield tag="500" ind1=" " ind2=" ">
    <subfield code="a">Catalogaci&#xF3;n basada en el: A&#xF1;o 1. N&#xFA;mero 1, septiembre 2015.</subfield>
  </datafield>
  <datafield tag="500" ind1=" " ind2=" ">
    <subfield code="a">Semanario de humor pol&#xED;tico.</subfield>
  </datafield>
  <datafield tag="500" ind1=" " ind2=" ">
    <subfield code="a">Edici&#xF3;n gratuita.</subfield>
  </datafield>
  <datafield tag="520" ind1=" " ind2=" ">
    <subfield code="a">Fu&#xE1;quiti: una fiesta de apaga y v&#xE1;monos.
Hoy, sin lugar a dudas, es un d&#xED;a de fiesta. Y no s&#xF3;lo para el equipo de Fu&#xE1;quiti, que empieza a celebrar que ya, por fin, este semanario est&#xE1; en tus manos. Tambi&#xE9;n lo debe ser para la gente com&#xFA;n y corriente, como t&#xFA; y como yo, que necesitamos de medios de comunicaci&#xF3;n que de verdad nos orienten, en vez de aupar a quienes hacen de este pa&#xED;s un Arroz con mango.</subfield>
  </datafield>
  <datafield tag="650" ind1=" " ind2="0">
    <subfield code="a">Humorismo dominicano</subfield>
    <subfield code="v">Publicaciones peri&#xF3;dicas</subfield>
    <subfield code="9">275</subfield>
  </datafield>
  <datafield tag="942" ind1=" " ind2=" ">
    <subfield code="2">ddc</subfield>
    <subfield code="c">ISSUE</subfield>
  </datafield>
  <datafield tag="952" ind1=" " ind2=" ">
    <subfield code="0">0</subfield>
    <subfield code="1">0</subfield>
    <subfield code="2">ddc</subfield>
    <subfield code="4">0</subfield>
    <subfield code="5">6</subfield>
    <subfield code="7">0</subfield>
    <subfield code="8">SE</subfield>
    <subfield code="a">BNPHU</subfield>
    <subfield code="b">BNPHU</subfield>
    <subfield code="d">2026-03-03</subfield>
    <subfield code="h">A&#xF1;o 1. N&#xFA;mero 1, septiembre 2015</subfield>
    <subfield code="l">0</subfield>
    <subfield code="p">2026-1612</subfield>
    <subfield code="r">2026-03-03</subfield>
    <subfield code="t">e.1</subfield>
    <subfield code="w">2026-03-03</subfield>
    <subfield code="y">ISSUE</subfield>
  </datafield>
  <datafield tag="952" ind1=" " ind2=" ">
    <subfield code="0">0</subfield>
    <subfield code="1">0</subfield>
    <subfield code="2">ddc</subfield>
    <subfield code="4">0</subfield>
    <subfield code="5">6</subfield>
    <subfield code="7">0</subfield>
    <subfield code="8">SE</subfield>
    <subfield code="a">BNPHU</subfield>
    <subfield code="b">BNPHU</subfield>
    <subfield code="d">2026-03-03</subfield>
    <subfield code="h">A&#xF1;o 1. N&#xFA;mero 1, septiembre 2015</subfield>
    <subfield code="l">0</subfield>
    <subfield code="p">2026-1613</subfield>
    <subfield code="r">2026-03-03</subfield>
    <subfield code="t">e.2</subfield>
    <subfield code="w">2026-03-03</subfield>
    <subfield code="y">ISSUE</subfield>
  </datafield>
  <datafield tag="952" ind1=" " ind2=" ">
    <subfield code="0">0</subfield>
    <subfield code="1">0</subfield>
    <subfield code="2">ddc</subfield>
    <subfield code="4">0</subfield>
    <subfield code="5">6</subfield>
    <subfield code="7">0</subfield>
    <subfield code="8">SE</subfield>
    <subfield code="a">BNPHU</subfield>
    <subfield code="b">BNPHU</subfield>
    <subfield code="d">2026-03-03</subfield>
    <subfield code="h">A&#xF1;o 1. N&#xFA;mero 6, octubre 2015</subfield>
    <subfield code="l">0</subfield>
    <subfield code="p">2026-1614</subfield>
    <subfield code="r">2026-03-03</subfield>
    <subfield code="t">e.1</subfield>
    <subfield code="w">2026-03-03</subfield>
    <subfield code="y">ISSUE</subfield>
  </datafield>
  <datafield tag="952" ind1=" " ind2=" ">
    <subfield code="0">0</subfield>
    <subfield code="1">0</subfield>
    <subfield code="2">ddc</subfield>
    <subfield code="4">0</subfield>
    <subfield code="5">6</subfield>
    <subfield code="7">0</subfield>
    <subfield code="8">SE</subfield>
    <subfield code="a">BNPHU</subfield>
    <subfield code="b">BNPHU</subfield>
    <subfield code="d">2026-03-03</subfield>
    <subfield code="h">A&#xF1;o 1. N&#xFA;mero 6, octubre 2015</subfield>
    <subfield code="l">0</subfield>
    <subfield code="p">2026-1615</subfield>
    <subfield code="r">2026-03-03</subfield>
    <subfield code="t">e.2</subfield>
    <subfield code="w">2026-03-03</subfield>
    <subfield code="y">ISSUE</subfield>
  </datafield>
  <datafield tag="952" ind1=" " ind2=" ">
    <subfield code="0">0</subfield>
    <subfield code="1">0</subfield>
    <subfield code="2">ddc</subfield>
    <subfield code="4">0</subfield>
    <subfield code="5">6</subfield>
    <subfield code="7">0</subfield>
    <subfield code="8">SE</subfield>
    <subfield code="a">BNPHU</subfield>
    <subfield code="b">BNPHU</subfield>
    <subfield code="d">2026-03-03</subfield>
    <subfield code="h">A&#xF1;o 1. N&#xFA;mero 9, noviembre 2015</subfield>
    <subfield code="l">0</subfield>
    <subfield code="p">2026-1616</subfield>
    <subfield code="r">2026-03-03</subfield>
    <subfield code="t">e.1</subfield>
    <subfield code="w">2026-03-03</subfield>
    <subfield code="y">ISSUE</subfield>
  </datafield>
  <datafield tag="952" ind1=" " ind2=" ">
    <subfield code="0">0</subfield>
    <subfield code="1">0</subfield>
    <subfield code="2">ddc</subfield>
    <subfield code="4">0</subfield>
    <subfield code="5">6</subfield>
    <subfield code="7">0</subfield>
    <subfield code="8">SE</subfield>
    <subfield code="a">BNPHU</subfield>
    <subfield code="b">BNPHU</subfield>
    <subfield code="d">2026-03-03</subfield>
    <subfield code="h">A&#xF1;o 1. N&#xFA;mero 9, noviembre 2015</subfield>
    <subfield code="l">0</subfield>
    <subfield code="p">2026-1617</subfield>
    <subfield code="r">2026-03-03</subfield>
    <subfield code="t">e.2</subfield>
    <subfield code="w">2026-03-03</subfield>
    <subfield code="y">ISSUE</subfield>
  </datafield>
  <datafield tag="952" ind1=" " ind2=" ">
    <subfield code="0">0</subfield>
    <subfield code="1">0</subfield>
    <subfield code="2">ddc</subfield>
    <subfield code="4">0</subfield>
    <subfield code="5">6</subfield>
    <subfield code="7">0</subfield>
    <subfield code="8">SE</subfield>
    <subfield code="a">BNPHU</subfield>
    <subfield code="b">BNPHU</subfield>
    <subfield code="d">2026-03-03</subfield>
    <subfield code="h">A&#xF1;o 1. N&#xFA;mero 11, diciembre 2015</subfield>
    <subfield code="l">0</subfield>
    <subfield code="p">2026-1618</subfield>
    <subfield code="r">2026-03-03</subfield>
    <subfield code="t">e.1</subfield>
    <subfield code="w">2026-03-03</subfield>
    <subfield code="y">ISSUE</subfield>
  </datafield>
  <datafield tag="952" ind1=" " ind2=" ">
    <subfield code="0">0</subfield>
    <subfield code="1">0</subfield>
    <subfield code="2">ddc</subfield>
    <subfield code="4">0</subfield>
    <subfield code="5">6</subfield>
    <subfield code="7">0</subfield>
    <subfield code="8">SE</subfield>
    <subfield code="a">BNPHU</subfield>
    <subfield code="b">BNPHU</subfield>
    <subfield code="d">2026-03-03</subfield>
    <subfield code="h">A&#xF1;o 1. N&#xFA;mero 13, diciembre 2015</subfield>
    <subfield code="l">0</subfield>
    <subfield code="p">2026-1619</subfield>
    <subfield code="r">2026-03-03</subfield>
    <subfield code="t">e.1</subfield>
    <subfield code="w">2026-03-03</subfield>
    <subfield code="y">ISSUE</subfield>
  </datafield>
  <datafield tag="952" ind1=" " ind2=" ">
    <subfield code="0">0</subfield>
    <subfield code="1">0</subfield>
    <subfield code="2">ddc</subfield>
    <subfield code="4">0</subfield>
    <subfield code="5">6</subfield>
    <subfield code="7">0</subfield>
    <subfield code="8">SE</subfield>
    <subfield code="a">BNPHU</subfield>
    <subfield code="b">BNPHU</subfield>
    <subfield code="d">2026-03-03</subfield>
    <subfield code="h">A&#xF1;o 1. N&#xFA;mero 15, diciembre 2015</subfield>
    <subfield code="l">0</subfield>
    <subfield code="p">2026-1620</subfield>
    <subfield code="r">2026-03-03</subfield>
    <subfield code="t">e.1</subfield>
    <subfield code="w">2026-03-03</subfield>
    <subfield code="y">ISSUE</subfield>
  </datafield>
  <datafield tag="952" ind1=" " ind2=" ">
    <subfield code="0">0</subfield>
    <subfield code="1">0</subfield>
    <subfield code="2">ddc</subfield>
    <subfield code="4">0</subfield>
    <subfield code="5">6</subfield>
    <subfield code="7">0</subfield>
    <subfield code="8">SE</subfield>
    <subfield code="a">BNPHU</subfield>
    <subfield code="b">BNPHU</subfield>
    <subfield code="d">2026-03-03</subfield>
    <subfield code="h">A&#xF1;o 1. N&#xFA;mero 15, diciembre 2015</subfield>
    <subfield code="l">0</subfield>
    <subfield code="p">2026-1621</subfield>
    <subfield code="r">2026-03-03</subfield>
    <subfield code="t">e.2</subfield>
    <subfield code="w">2026-03-03</subfield>
    <subfield code="y">ISSUE</subfield>
  </datafield>
  <datafield tag="952" ind1=" " ind2=" ">
    <subfield code="0">0</subfield>
    <subfield code="1">0</subfield>
    <subfield code="2">ddc</subfield>
    <subfield code="4">0</subfield>
    <subfield code="5">6</subfield>
    <subfield code="7">0</subfield>
    <subfield code="8">SE</subfield>
    <subfield code="a">BNPHU</subfield>
    <subfield code="b">BNPHU</subfield>
    <subfield code="d">2026-03-03</subfield>
    <subfield code="h">A&#xF1;o 1. N&#xFA;mero 16, enero 2016</subfield>
    <subfield code="l">0</subfield>
    <subfield code="p">2026-1622</subfield>
    <subfield code="r">2026-03-03</subfield>
    <subfield code="t">e.1</subfield>
    <subfield code="w">2026-03-03</subfield>
    <subfield code="y">ISSUE</subfield>
  </datafield>
  <datafield tag="952" ind1=" " ind2=" ">
    <subfield code="0">0</subfield>
    <subfield code="1">0</subfield>
    <subfield code="2">ddc</subfield>
    <subfield code="4">0</subfield>
    <subfield code="5">6</subfield>
    <subfield code="7">0</subfield>
    <subfield code="8">SE</subfield>
    <subfield code="a">BNPHU</subfield>
    <subfield code="b">BNPHU</subfield>
    <subfield code="d">2026-03-03</subfield>
    <subfield code="h">A&#xF1;o 1. N&#xFA;mero 16, enero 2016</subfield>
    <subfield code="l">0</subfield>
    <subfield code="p">2026-1623</subfield>
    <subfield code="r">2026-03-03</subfield>
    <subfield code="t">e.2</subfield>
    <subfield code="w">2026-03-03</subfield>
    <subfield code="y">ISSUE</subfield>
  </datafield>
  <datafield tag="952" ind1=" " ind2=" ">
    <subfield code="0">0</subfield>
    <subfield code="1">0</subfield>
    <subfield code="2">ddc</subfield>
    <subfield code="4">0</subfield>
    <subfield code="5">6</subfield>
    <subfield code="7">0</subfield>
    <subfield code="8">SE</subfield>
    <subfield code="a">BNPHU</subfield>
    <subfield code="b">BNPHU</subfield>
    <subfield code="d">2026-03-03</subfield>
    <subfield code="h">A&#xF1;o 1. N&#xFA;mero 17, enero 2016</subfield>
    <subfield code="l">0</subfield>
    <subfield code="p">2026-1624</subfield>
    <subfield code="r">2026-03-03</subfield>
    <subfield code="t">e.1</subfield>
    <subfield code="w">2026-03-03</subfield>
    <subfield code="y">ISSUE</subfield>
  </datafield>
  <datafield tag="952" ind1=" " ind2=" ">
    <subfield code="0">0</subfield>
    <subfield code="1">0</subfield>
    <subfield code="2">ddc</subfield>
    <subfield code="4">0</subfield>
    <subfield code="5">6</subfield>
    <subfield code="7">0</subfield>
    <subfield code="8">SE</subfield>
    <subfield code="a">BNPHU</subfield>
    <subfield code="b">BNPHU</subfield>
    <subfield code="d">2026-03-03</subfield>
    <subfield code="h">A&#xF1;o 1. N&#xFA;mero 18, enero 2016</subfield>
    <subfield code="l">0</subfield>
    <subfield code="p">2026-1625</subfield>
    <subfield code="r">2026-03-03</subfield>
    <subfield code="t">e.1</subfield>
    <subfield code="w">2026-03-03</subfield>
    <subfield code="y">ISSUE</subfield>
  </datafield>
  <datafield tag="952" ind1=" " ind2=" ">
    <subfield code="0">0</subfield>
    <subfield code="1">0</subfield>
    <subfield code="2">ddc</subfield>
    <subfield code="4">0</subfield>
    <subfield code="5">6</subfield>
    <subfield code="7">0</subfield>
    <subfield code="8">SE</subfield>
    <subfield code="a">BNPHU</subfield>
    <subfield code="b">BNPHU</subfield>
    <subfield code="d">2026-03-03</subfield>
    <subfield code="h">A&#xF1;o 1. N&#xFA;mero 19, enero 2016</subfield>
    <subfield code="l">0</subfield>
    <subfield code="p">2026-1626</subfield>
    <subfield code="r">2026-03-03</subfield>
    <subfield code="t">e.1</subfield>
    <subfield code="w">2026-03-03</subfield>
    <subfield code="y">ISSUE</subfield>
  </datafield>
  <datafield tag="952" ind1=" " ind2=" ">
    <subfield code="0">0</subfield>
    <subfield code="1">0</subfield>
    <subfield code="2">ddc</subfield>
    <subfield code="4">0</subfield>
    <subfield code="5">6</subfield>
    <subfield code="7">0</subfield>
    <subfield code="8">SE</subfield>
    <subfield code="a">BNPHU</subfield>
    <subfield code="b">BNPHU</subfield>
    <subfield code="d">2026-03-03</subfield>
    <subfield code="h">A&#xF1;o 1. N&#xFA;mero 20, febrero 2016</subfield>
    <subfield code="l">0</subfield>
    <subfield code="p">2026-1627</subfield>
    <subfield code="r">2026-03-03</subfield>
    <subfield code="t">e.1</subfield>
    <subfield code="w">2026-03-03</subfield>
    <subfield code="y">ISSUE</subfield>
  </datafield>
  <datafield tag="952" ind1=" " ind2=" ">
    <subfield code="0">0</subfield>
    <subfield code="1">0</subfield>
    <subfield code="2">ddc</subfield>
    <subfield code="4">0</subfield>
    <subfield code="5">6</subfield>
    <subfield code="7">0</subfield>
    <subfield code="8">SE</subfield>
    <subfield code="a">BNPHU</subfield>
    <subfield code="b">BNPHU</subfield>
    <subfield code="d">2026-03-03</subfield>
    <subfield code="h">A&#xF1;o 1. N&#xFA;mero 21, febrero 2016</subfield>
    <subfield code="l">0</subfield>
    <subfield code="p">2026-1628</subfield>
    <subfield code="r">2026-03-03</subfield>
    <subfield code="t">e.1</subfield>
    <subfield code="w">2026-03-03</subfield>
    <subfield code="y">ISSUE</subfield>
  </datafield>
  <datafield tag="952" ind1=" " ind2=" ">
    <subfield code="0">0</subfield>
    <subfield code="1">0</subfield>
    <subfield code="2">ddc</subfield>
    <subfield code="4">0</subfield>
    <subfield code="5">6</subfield>
    <subfield code="7">0</subfield>
    <subfield code="8">SE</subfield>
    <subfield code="a">BNPHU</subfield>
    <subfield code="b">BNPHU</subfield>
    <subfield code="d">2026-03-03</subfield>
    <subfield code="h">A&#xF1;o 1. N&#xFA;mero 22, febrero 2016</subfield>
    <subfield code="l">0</subfield>
    <subfield code="p">2026-1629</subfield>
    <subfield code="r">2026-03-03</subfield>
    <subfield code="t">e.1</subfield>
    <subfield code="w">2026-03-03</subfield>
    <subfield code="y">ISSUE</subfield>
  </datafield>
  <datafield tag="952" ind1=" " ind2=" ">
    <subfield code="0">0</subfield>
    <subfield code="1">0</subfield>
    <subfield code="2">ddc</subfield>
    <subfield code="4">0</subfield>
    <subfield code="5">6</subfield>
    <subfield code="7">0</subfield>
    <subfield code="8">SE</subfield>
    <subfield code="a">BNPHU</subfield>
    <subfield code="b">BNPHU</subfield>
    <subfield code="d">2026-03-03</subfield>
    <subfield code="h">A&#xF1;o 1. N&#xFA;mero 22, febrero 2016</subfield>
    <subfield code="l">0</subfield>
    <subfield code="p">2026-1630</subfield>
    <subfield code="r">2026-03-03</subfield>
    <subfield code="t">e.2</subfield>
    <subfield code="w">2026-03-03</subfield>
    <subfield code="y">ISSUE</subfield>
  </datafield>
  <datafield tag="952" ind1=" " ind2=" ">
    <subfield code="0">0</subfield>
    <subfield code="1">0</subfield>
    <subfield code="2">ddc</subfield>
    <subfield code="4">0</subfield>
    <subfield code="5">6</subfield>
    <subfield code="7">0</subfield>
    <subfield code="8">SE</subfield>
    <subfield code="a">BNPHU</subfield>
    <subfield code="b">BNPHU</subfield>
    <subfield code="d">2026-03-03</subfield>
    <subfield code="h">A&#xF1;o 1. N&#xFA;mero 22, febrero 2016</subfield>
    <subfield code="l">0</subfield>
    <subfield code="p">2026-1631</subfield>
    <subfield code="r">2026-03-03</subfield>
    <subfield code="t">e.3</subfield>
    <subfield code="w">2026-03-03</subfield>
    <subfield code="y">ISSUE</subfield>
  </datafield>
  <datafield tag="952" ind1=" " ind2=" ">
    <subfield code="0">0</subfield>
    <subfield code="1">0</subfield>
    <subfield code="2">ddc</subfield>
    <subfield code="4">0</subfield>
    <subfield code="5">6</subfield>
    <subfield code="7">0</subfield>
    <subfield code="8">SE</subfield>
    <subfield code="a">BNPHU</subfield>
    <subfield code="b">BNPHU</subfield>
    <subfield code="d">2026-03-03</subfield>
    <subfield code="h">A&#xF1;o 1. N&#xFA;mero 23, febrero 2016</subfield>
    <subfield code="l">0</subfield>
    <subfield code="p">2026-1632</subfield>
    <subfield code="r">2026-03-03</subfield>
    <subfield code="t">e.1</subfield>
    <subfield code="w">2026-03-03</subfield>
    <subfield code="y">ISSUE</subfield>
  </datafield>
  <datafield tag="952" ind1=" " ind2=" ">
    <subfield code="0">0</subfield>
    <subfield code="1">0</subfield>
    <subfield code="2">ddc</subfield>
    <subfield code="4">0</subfield>
    <subfield code="5">6</subfield>
    <subfield code="7">0</subfield>
    <subfield code="8">SE</subfield>
    <subfield code="a">BNPHU</subfield>
    <subfield code="b">BNPHU</subfield>
    <subfield code="d">2026-03-03</subfield>
    <subfield code="h">A&#xF1;o 1. N&#xFA;mero 24, marzo 2016</subfield>
    <subfield code="l">0</subfield>
    <subfield code="p">2026-1633</subfield>
    <subfield code="r">2026-03-03</subfield>
    <subfield code="t">e.1</subfield>
    <subfield code="w">2026-03-03</subfield>
    <subfield code="y">ISSUE</subfield>
  </datafield>
  <datafield tag="952" ind1=" " ind2=" ">
    <subfield code="0">0</subfield>
    <subfield code="1">0</subfield>
    <subfield code="2">ddc</subfield>
    <subfield code="4">0</subfield>
    <subfield code="5">6</subfield>
    <subfield code="7">0</subfield>
    <subfield code="8">SE</subfield>
    <subfield code="a">BNPHU</subfield>
    <subfield code="b">BNPHU</subfield>
    <subfield code="d">2026-03-03</subfield>
    <subfield code="h">A&#xF1;o 1. N&#xFA;mero 25, marzo 2016</subfield>
    <subfield code="l">0</subfield>
    <subfield code="p">2026-1634</subfield>
    <subfield code="r">2026-03-03</subfield>
    <subfield code="t">e.1</subfield>
    <subfield code="w">2026-03-03</subfield>
    <subfield code="y">ISSUE</subfield>
  </datafield>
  <datafield tag="952" ind1=" " ind2=" ">
    <subfield code="0">0</subfield>
    <subfield code="1">0</subfield>
    <subfield code="2">ddc</subfield>
    <subfield code="4">0</subfield>
    <subfield code="5">6</subfield>
    <subfield code="7">0</subfield>
    <subfield code="8">SE</subfield>
    <subfield code="a">BNPHU</subfield>
    <subfield code="b">BNPHU</subfield>
    <subfield code="d">2026-03-03</subfield>
    <subfield code="h">A&#xF1;o 1. N&#xFA;mero 26, marzo 2016</subfield>
    <subfield code="l">0</subfield>
    <subfield code="p">2026-1635</subfield>
    <subfield code="r">2026-03-03</subfield>
    <subfield code="t">e.1</subfield>
    <subfield code="w">2026-03-03</subfield>
    <subfield code="y">ISSUE</subfield>
  </datafield>
  <datafield tag="952" ind1=" " ind2=" ">
    <subfield code="0">0</subfield>
    <subfield code="1">0</subfield>
    <subfield code="2">ddc</subfield>
    <subfield code="4">0</subfield>
    <subfield code="5">6</subfield>
    <subfield code="7">0</subfield>
    <subfield code="8">SE</subfield>
    <subfield code="a">BNPHU</subfield>
    <subfield code="b">BNPHU</subfield>
    <subfield code="d">2026-03-03</subfield>
    <subfield code="h">A&#xF1;o 1. N&#xFA;mero 26, marzo 2016</subfield>
    <subfield code="l">0</subfield>
    <subfield code="p">2026-1636</subfield>
    <subfield code="r">2026-03-03</subfield>
    <subfield code="t">e.2</subfield>
    <subfield code="w">2026-03-03</subfield>
    <subfield code="y">ISSUE</subfield>
  </datafield>
  <datafield tag="952" ind1=" " ind2=" ">
    <subfield code="0">0</subfield>
    <subfield code="1">0</subfield>
    <subfield code="2">ddc</subfield>
    <subfield code="4">0</subfield>
    <subfield code="5">6</subfield>
    <subfield code="7">0</subfield>
    <subfield code="8">SE</subfield>
    <subfield code="a">BNPHU</subfield>
    <subfield code="b">BNPHU</subfield>
    <subfield code="d">2026-03-03</subfield>
    <subfield code="h">A&#xF1;o 1. N&#xFA;mero 28, marzo 2016</subfield>
    <subfield code="l">0</subfield>
    <subfield code="p">2026-1637</subfield>
    <subfield code="r">2026-03-03</subfield>
    <subfield code="t">e.1</subfield>
    <subfield code="w">2026-03-03</subfield>
    <subfield code="y">ISSUE</subfield>
  </datafield>
  <datafield tag="952" ind1=" " ind2=" ">
    <subfield code="0">0</subfield>
    <subfield code="1">0</subfield>
    <subfield code="2">ddc</subfield>
    <subfield code="4">0</subfield>
    <subfield code="5">6</subfield>
    <subfield code="7">0</subfield>
    <subfield code="8">SE</subfield>
    <subfield code="a">BNPHU</subfield>
    <subfield code="b">BNPHU</subfield>
    <subfield code="d">2026-03-03</subfield>
    <subfield code="h">A&#xF1;o 1. N&#xFA;mero 28, marzo 2016</subfield>
    <subfield code="l">0</subfield>
    <subfield code="p">2026-1638</subfield>
    <subfield code="r">2026-03-03</subfield>
    <subfield code="t">e.2</subfield>
    <subfield code="w">2026-03-03</subfield>
    <subfield code="y">ISSUE</subfield>
  </datafield>
  <datafield tag="952" ind1=" " ind2=" ">
    <subfield code="0">0</subfield>
    <subfield code="1">0</subfield>
    <subfield code="2">ddc</subfield>
    <subfield code="4">0</subfield>
    <subfield code="5">6</subfield>
    <subfield code="7">0</subfield>
    <subfield code="8">SE</subfield>
    <subfield code="a">BNPHU</subfield>
    <subfield code="b">BNPHU</subfield>
    <subfield code="d">2026-03-03</subfield>
    <subfield code="h">A&#xF1;o 1. N&#xFA;mero 29, abril 2016</subfield>
    <subfield code="l">0</subfield>
    <subfield code="p">2026-1639</subfield>
    <subfield code="r">2026-03-03</subfield>
    <subfield code="t">e.1</subfield>
    <subfield code="w">2026-03-03</subfield>
    <subfield code="y">ISSUE</subfield>
  </datafield>
  <datafield tag="952" ind1=" " ind2=" ">
    <subfield code="0">0</subfield>
    <subfield code="1">0</subfield>
    <subfield code="2">ddc</subfield>
    <subfield code="4">0</subfield>
    <subfield code="5">6</subfield>
    <subfield code="7">0</subfield>
    <subfield code="8">SE</subfield>
    <subfield code="a">BNPHU</subfield>
    <subfield code="b">BNPHU</subfield>
    <subfield code="d">2026-03-03</subfield>
    <subfield code="h">A&#xF1;o 1. N&#xFA;mero 30, abril 2016</subfield>
    <subfield code="l">0</subfield>
    <subfield code="p">2026-1640</subfield>
    <subfield code="r">2026-03-03</subfield>
    <subfield code="t">e.1</subfield>
    <subfield code="w">2026-03-03</subfield>
    <subfield code="y">ISSUE</subfield>
  </datafield>
  <datafield tag="952" ind1=" " ind2=" ">
    <subfield code="0">0</subfield>
    <subfield code="1">0</subfield>
    <subfield code="2">ddc</subfield>
    <subfield code="4">0</subfield>
    <subfield code="5">6</subfield>
    <subfield code="7">0</subfield>
    <subfield code="8">SE</subfield>
    <subfield code="a">BNPHU</subfield>
    <subfield code="b">BNPHU</subfield>
    <subfield code="d">2026-03-03</subfield>
    <subfield code="h">A&#xF1;o 1. N&#xFA;mero 31, abril 2016</subfield>
    <subfield code="l">0</subfield>
    <subfield code="p">2026-1641</subfield>
    <subfield code="r">2026-03-03</subfield>
    <subfield code="t">e.1</subfield>
    <subfield code="w">2026-03-03</subfield>
    <subfield code="y">ISSUE</subfield>
  </datafield>
  <datafield tag="952" ind1=" " ind2=" ">
    <subfield code="0">0</subfield>
    <subfield code="1">0</subfield>
    <subfield code="2">ddc</subfield>
    <subfield code="4">0</subfield>
    <subfield code="5">6</subfield>
    <subfield code="7">0</subfield>
    <subfield code="8">SE</subfield>
    <subfield code="a">BNPHU</subfield>
    <subfield code="b">BNPHU</subfield>
    <subfield code="d">2026-03-03</subfield>
    <subfield code="h">A&#xF1;o 1. N&#xFA;mero 32, abril 2016</subfield>
    <subfield code="l">0</subfield>
    <subfield code="p">2026-1642</subfield>
    <subfield code="r">2026-03-03</subfield>
    <subfield code="t">e.1</subfield>
    <subfield code="w">2026-03-03</subfield>
    <subfield code="y">ISSUE</subfield>
  </datafield>
  <datafield tag="952" ind1=" " ind2=" ">
    <subfield code="0">0</subfield>
    <subfield code="1">0</subfield>
    <subfield code="2">ddc</subfield>
    <subfield code="4">0</subfield>
    <subfield code="5">6</subfield>
    <subfield code="7">0</subfield>
    <subfield code="8">SE</subfield>
    <subfield code="a">BNPHU</subfield>
    <subfield code="b">BNPHU</subfield>
    <subfield code="d">2026-03-03</subfield>
    <subfield code="h">A&#xF1;o 1. N&#xFA;mero 32, abril 2016</subfield>
    <subfield code="l">0</subfield>
    <subfield code="p">2026-1643</subfield>
    <subfield code="r">2026-03-03</subfield>
    <subfield code="t">e.2</subfield>
    <subfield code="w">2026-03-03</subfield>
    <subfield code="y">ISSUE</subfield>
  </datafield>
  <datafield tag="952" ind1=" " ind2=" ">
    <subfield code="0">0</subfield>
    <subfield code="1">0</subfield>
    <subfield code="2">ddc</subfield>
    <subfield code="4">0</subfield>
    <subfield code="5">6</subfield>
    <subfield code="7">0</subfield>
    <subfield code="8">SE</subfield>
    <subfield code="a">BNPHU</subfield>
    <subfield code="b">BNPHU</subfield>
    <subfield code="d">2026-03-03</subfield>
    <subfield code="h">A&#xF1;o 1. N&#xFA;mero 32, abril 2016</subfield>
    <subfield code="l">0</subfield>
    <subfield code="p">2026-1644</subfield>
    <subfield code="r">2026-03-03</subfield>
    <subfield code="t">e.3</subfield>
    <subfield code="w">2026-03-03</subfield>
    <subfield code="y">ISSUE</subfield>
  </datafield>
  <datafield tag="952" ind1=" " ind2=" ">
    <subfield code="0">0</subfield>
    <subfield code="1">0</subfield>
    <subfield code="2">ddc</subfield>
    <subfield code="4">0</subfield>
    <subfield code="5">6</subfield>
    <subfield code="7">0</subfield>
    <subfield code="8">SE</subfield>
    <subfield code="a">BNPHU</subfield>
    <subfield code="b">BNPHU</subfield>
    <subfield code="d">2026-03-03</subfield>
    <subfield code="h">A&#xF1;o 1. N&#xFA;mero 35, mayo 2016</subfield>
    <subfield code="l">0</subfield>
    <subfield code="p">2026-1645</subfield>
    <subfield code="r">2026-03-03</subfield>
    <subfield code="t">e.1</subfield>
    <subfield code="w">2026-03-03</subfield>
    <subfield code="y">ISSUE</subfield>
  </datafield>
  <datafield tag="952" ind1=" " ind2=" ">
    <subfield code="0">0</subfield>
    <subfield code="1">0</subfield>
    <subfield code="2">ddc</subfield>
    <subfield code="4">0</subfield>
    <subfield code="5">6</subfield>
    <subfield code="7">0</subfield>
    <subfield code="8">SE</subfield>
    <subfield code="a">BNPHU</subfield>
    <subfield code="b">BNPHU</subfield>
    <subfield code="d">2026-03-03</subfield>
    <subfield code="h">A&#xF1;o 1. N&#xFA;mero 36, mayo 2016</subfield>
    <subfield code="l">0</subfield>
    <subfield code="p">2026-1646</subfield>
    <subfield code="r">2026-03-03</subfield>
    <subfield code="t">e.1</subfield>
    <subfield code="w">2026-03-03</subfield>
    <subfield code="y">ISSUE</subfield>
  </datafield>
  <datafield tag="952" ind1=" " ind2=" ">
    <subfield code="0">0</subfield>
    <subfield code="1">0</subfield>
    <subfield code="2">ddc</subfield>
    <subfield code="4">0</subfield>
    <subfield code="5">6</subfield>
    <subfield code="7">0</subfield>
    <subfield code="8">SE</subfield>
    <subfield code="a">BNPHU</subfield>
    <subfield code="b">BNPHU</subfield>
    <subfield code="d">2026-03-03</subfield>
    <subfield code="h">A&#xF1;o 1. N&#xFA;mero 36, mayo 2016</subfield>
    <subfield code="l">0</subfield>
    <subfield code="p">2026-1647</subfield>
    <subfield code="r">2026-03-03</subfield>
    <subfield code="t">e.2</subfield>
    <subfield code="w">2026-03-03</subfield>
    <subfield code="y">ISSUE</subfield>
  </datafield>
  <datafield tag="952" ind1=" " ind2=" ">
    <subfield code="0">0</subfield>
    <subfield code="1">0</subfield>
    <subfield code="2">ddc</subfield>
    <subfield code="4">0</subfield>
    <subfield code="5">6</subfield>
    <subfield code="7">0</subfield>
    <subfield code="8">SE</subfield>
    <subfield code="a">BNPHU</subfield>
    <subfield code="b">BNPHU</subfield>
    <subfield code="d">2026-03-03</subfield>
    <subfield code="h">A&#xF1;o 1. N&#xFA;mero 37, junio 2016</subfield>
    <subfield code="l">0</subfield>
    <subfield code="p">2026-1648</subfield>
    <subfield code="r">2026-03-03</subfield>
    <subfield code="t">e.1</subfield>
    <subfield code="w">2026-03-03</subfield>
    <subfield code="y">ISSUE</subfield>
  </datafield>
  <datafield tag="952" ind1=" " ind2=" ">
    <subfield code="0">0</subfield>
    <subfield code="1">0</subfield>
    <subfield code="2">ddc</subfield>
    <subfield code="4">0</subfield>
    <subfield code="5">6</subfield>
    <subfield code="7">0</subfield>
    <subfield code="8">SE</subfield>
    <subfield code="a">BNPHU</subfield>
    <subfield code="b">BNPHU</subfield>
    <subfield code="d">2026-03-03</subfield>
    <subfield code="h">A&#xF1;o 1. N&#xFA;mero 38, junio 2016</subfield>
    <subfield code="l">0</subfield>
    <subfield code="p">2026-1649</subfield>
    <subfield code="r">2026-03-03</subfield>
    <subfield code="t">e.1</subfield>
    <subfield code="w">2026-03-03</subfield>
    <subfield code="y">ISSUE</subfield>
  </datafield>
  <datafield tag="952" ind1=" " ind2=" ">
    <subfield code="0">0</subfield>
    <subfield code="1">0</subfield>
    <subfield code="2">ddc</subfield>
    <subfield code="4">0</subfield>
    <subfield code="5">6</subfield>
    <subfield code="7">0</subfield>
    <subfield code="8">SE</subfield>
    <subfield code="a">BNPHU</subfield>
    <subfield code="b">BNPHU</subfield>
    <subfield code="d">2026-03-03</subfield>
    <subfield code="h">A&#xF1;o 1. N&#xFA;mero 38, junio 2016</subfield>
    <subfield code="l">0</subfield>
    <subfield code="p">2026-1650</subfield>
    <subfield code="r">2026-03-03</subfield>
    <subfield code="t">e.2</subfield>
    <subfield code="w">2026-03-03</subfield>
    <subfield code="y">ISSUE</subfield>
  </datafield>
  <datafield tag="952" ind1=" " ind2=" ">
    <subfield code="0">0</subfield>
    <subfield code="1">0</subfield>
    <subfield code="2">ddc</subfield>
    <subfield code="4">0</subfield>
    <subfield code="5">6</subfield>
    <subfield code="7">0</subfield>
    <subfield code="8">SE</subfield>
    <subfield code="a">BNPHU</subfield>
    <subfield code="b">BNPHU</subfield>
    <subfield code="d">2026-03-03</subfield>
    <subfield code="h">A&#xF1;o 1. N&#xFA;mero 38, junio 2016</subfield>
    <subfield code="l">0</subfield>
    <subfield code="p">2026-1651</subfield>
    <subfield code="r">2026-03-03</subfield>
    <subfield code="t">e.3</subfield>
    <subfield code="w">2026-03-03</subfield>
    <subfield code="y">ISSUE</subfield>
  </datafield>
  <datafield tag="952" ind1=" " ind2=" ">
    <subfield code="0">0</subfield>
    <subfield code="1">0</subfield>
    <subfield code="2">ddc</subfield>
    <subfield code="4">0</subfield>
    <subfield code="5">6</subfield>
    <subfield code="7">0</subfield>
    <subfield code="8">SE</subfield>
    <subfield code="a">BNPHU</subfield>
    <subfield code="b">BNPHU</subfield>
    <subfield code="d">2026-03-03</subfield>
    <subfield code="h">A&#xF1;o 1. N&#xFA;mero 39, junio 2016</subfield>
    <subfield code="l">0</subfield>
    <subfield code="p">2026-1652</subfield>
    <subfield code="r">2026-03-03</subfield>
    <subfield code="t">e.1</subfield>
    <subfield code="w">2026-03-03</subfield>
    <subfield code="y">ISSUE</subfield>
  </datafield>
  <datafield tag="952" ind1=" " ind2=" ">
    <subfield code="0">0</subfield>
    <subfield code="1">0</subfield>
    <subfield code="2">ddc</subfield>
    <subfield code="4">0</subfield>
    <subfield code="5">6</subfield>
    <subfield code="7">0</subfield>
    <subfield code="8">SE</subfield>
    <subfield code="a">BNPHU</subfield>
    <subfield code="b">BNPHU</subfield>
    <subfield code="d">2026-03-03</subfield>
    <subfield code="h">A&#xF1;o 1. N&#xFA;mero 40, junio 2016</subfield>
    <subfield code="l">0</subfield>
    <subfield code="p">2026-1653</subfield>
    <subfield code="r">2026-03-03</subfield>
    <subfield code="t">e.1</subfield>
    <subfield code="w">2026-03-03</subfield>
    <subfield code="y">ISSUE</subfield>
  </datafield>
  <datafield tag="952" ind1=" " ind2=" ">
    <subfield code="0">0</subfield>
    <subfield code="1">0</subfield>
    <subfield code="2">ddc</subfield>
    <subfield code="4">0</subfield>
    <subfield code="5">6</subfield>
    <subfield code="7">0</subfield>
    <subfield code="8">SE</subfield>
    <subfield code="a">BNPHU</subfield>
    <subfield code="b">BNPHU</subfield>
    <subfield code="d">2026-03-03</subfield>
    <subfield code="h">A&#xF1;o 1. N&#xFA;mero 41, junio 2016</subfield>
    <subfield code="l">0</subfield>
    <subfield code="p">2026-1654</subfield>
    <subfield code="r">2026-03-03</subfield>
    <subfield code="t">e.1</subfield>
    <subfield code="w">2026-03-03</subfield>
    <subfield code="y">ISSUE</subfield>
  </datafield>
  <datafield tag="952" ind1=" " ind2=" ">
    <subfield code="0">0</subfield>
    <subfield code="1">0</subfield>
    <subfield code="2">ddc</subfield>
    <subfield code="4">0</subfield>
    <subfield code="5">6</subfield>
    <subfield code="7">0</subfield>
    <subfield code="8">SE</subfield>
    <subfield code="a">BNPHU</subfield>
    <subfield code="b">BNPHU</subfield>
    <subfield code="d">2026-03-03</subfield>
    <subfield code="h">A&#xF1;o 1. N&#xFA;mero 41, junio 2016</subfield>
    <subfield code="l">0</subfield>
    <subfield code="p">2026-1655</subfield>
    <subfield code="r">2026-03-03</subfield>
    <subfield code="t">e.2</subfield>
    <subfield code="w">2026-03-03</subfield>
    <subfield code="y">ISSUE</subfield>
  </datafield>
  <datafield tag="952" ind1=" " ind2=" ">
    <subfield code="0">0</subfield>
    <subfield code="1">0</subfield>
    <subfield code="2">ddc</subfield>
    <subfield code="4">0</subfield>
    <subfield code="5">6</subfield>
    <subfield code="7">0</subfield>
    <subfield code="8">SE</subfield>
    <subfield code="a">BNPHU</subfield>
    <subfield code="b">BNPHU</subfield>
    <subfield code="d">2026-03-03</subfield>
    <subfield code="h">A&#xF1;o 1. N&#xFA;mero 41, junio 2016</subfield>
    <subfield code="l">0</subfield>
    <subfield code="p">2026-1657</subfield>
    <subfield code="r">2026-03-03</subfield>
    <subfield code="t">e.3</subfield>
    <subfield code="w">2026-03-03</subfield>
    <subfield code="y">ISSUE</subfield>
  </datafield>
  <datafield tag="952" ind1=" " ind2=" ">
    <subfield code="0">0</subfield>
    <subfield code="1">0</subfield>
    <subfield code="2">ddc</subfield>
    <subfield code="4">0</subfield>
    <subfield code="5">6</subfield>
    <subfield code="7">0</subfield>
    <subfield code="8">SE</subfield>
    <subfield code="a">BNPHU</subfield>
    <subfield code="b">BNPHU</subfield>
    <subfield code="d">2026-03-03</subfield>
    <subfield code="h">A&#xF1;o 1. N&#xFA;mero 42, julio 2016</subfield>
    <subfield code="l">0</subfield>
    <subfield code="p">2026-1658</subfield>
    <subfield code="r">2026-03-03</subfield>
    <subfield code="t">e.1</subfield>
    <subfield code="w">2026-03-03</subfield>
    <subfield code="y">ISSUE</subfield>
  </datafield>
  <datafield tag="952" ind1=" " ind2=" ">
    <subfield code="0">0</subfield>
    <subfield code="1">0</subfield>
    <subfield code="2">ddc</subfield>
    <subfield code="4">0</subfield>
    <subfield code="5">6</subfield>
    <subfield code="7">0</subfield>
    <subfield code="8">SE</subfield>
    <subfield code="a">BNPHU</subfield>
    <subfield code="b">BNPHU</subfield>
    <subfield code="d">2026-03-03</subfield>
    <subfield code="h">A&#xF1;o 1. N&#xFA;mero 43, julio 2016</subfield>
    <subfield code="l">0</subfield>
    <subfield code="p">2026-1659</subfield>
    <subfield code="r">2026-03-03</subfield>
    <subfield code="t">e.1</subfield>
    <subfield code="w">2026-03-03</subfield>
    <subfield code="y">ISSUE</subfield>
  </datafield>
  <datafield tag="952" ind1=" " ind2=" ">
    <subfield code="0">0</subfield>
    <subfield code="1">0</subfield>
    <subfield code="2">ddc</subfield>
    <subfield code="4">0</subfield>
    <subfield code="5">6</subfield>
    <subfield code="7">0</subfield>
    <subfield code="8">SE</subfield>
    <subfield code="a">BNPHU</subfield>
    <subfield code="b">BNPHU</subfield>
    <subfield code="d">2026-03-03</subfield>
    <subfield code="h">A&#xF1;o 1. N&#xFA;mero 45, julio 2016</subfield>
    <subfield code="l">0</subfield>
    <subfield code="p">2026-1660</subfield>
    <subfield code="r">2026-03-03</subfield>
    <subfield code="t">e.1</subfield>
    <subfield code="w">2026-03-03</subfield>
    <subfield code="y">ISSUE</subfield>
  </datafield>
  <datafield tag="952" ind1=" " ind2=" ">
    <subfield code="0">0</subfield>
    <subfield code="1">0</subfield>
    <subfield code="2">ddc</subfield>
    <subfield code="4">0</subfield>
    <subfield code="5">6</subfield>
    <subfield code="7">0</subfield>
    <subfield code="8">SE</subfield>
    <subfield code="a">BNPHU</subfield>
    <subfield code="b">BNPHU</subfield>
    <subfield code="d">2026-03-03</subfield>
    <subfield code="h">A&#xF1;o 1. N&#xFA;mero 45, julio 2016</subfield>
    <subfield code="l">0</subfield>
    <subfield code="p">2026-1661</subfield>
    <subfield code="r">2026-03-03</subfield>
    <subfield code="t">e.2</subfield>
    <subfield code="w">2026-03-03</subfield>
    <subfield code="y">ISSUE</subfield>
  </datafield>
  <datafield tag="952" ind1=" " ind2=" ">
    <subfield code="0">0</subfield>
    <subfield code="1">0</subfield>
    <subfield code="2">ddc</subfield>
    <subfield code="4">0</subfield>
    <subfield code="5">6</subfield>
    <subfield code="7">0</subfield>
    <subfield code="8">SE</subfield>
    <subfield code="a">BNPHU</subfield>
    <subfield code="b">BNPHU</subfield>
    <subfield code="d">2026-03-03</subfield>
    <subfield code="h">A&#xF1;o 1. N&#xFA;mero 45, julio 2016</subfield>
    <subfield code="l">0</subfield>
    <subfield code="p">2026-1662</subfield>
    <subfield code="r">2026-03-03</subfield>
    <subfield code="t">e.3</subfield>
    <subfield code="w">2026-03-03</subfield>
    <subfield code="y">ISSUE</subfield>
  </datafield>
  <datafield tag="952" ind1=" " ind2=" ">
    <subfield code="0">0</subfield>
    <subfield code="1">0</subfield>
    <subfield code="2">ddc</subfield>
    <subfield code="4">0</subfield>
    <subfield code="5">6</subfield>
    <subfield code="7">0</subfield>
    <subfield code="8">SE</subfield>
    <subfield code="a">BNPHU</subfield>
    <subfield code="b">BNPHU</subfield>
    <subfield code="d">2026-03-03</subfield>
    <subfield code="h">A&#xF1;o 1. N&#xFA;mero 47, agosto 2016</subfield>
    <subfield code="l">0</subfield>
    <subfield code="p">2026-1663</subfield>
    <subfield code="r">2026-03-03</subfield>
    <subfield code="t">e.1</subfield>
    <subfield code="w">2026-03-03</subfield>
    <subfield code="y">ISSUE</subfield>
  </datafield>
  <datafield tag="952" ind1=" " ind2=" ">
    <subfield code="0">0</subfield>
    <subfield code="1">0</subfield>
    <subfield code="2">ddc</subfield>
    <subfield code="4">0</subfield>
    <subfield code="5">6</subfield>
    <subfield code="7">0</subfield>
    <subfield code="8">SE</subfield>
    <subfield code="a">BNPHU</subfield>
    <subfield code="b">BNPHU</subfield>
    <subfield code="d">2026-03-03</subfield>
    <subfield code="h">A&#xF1;o 1. N&#xFA;mero 49, agosto 2016</subfield>
    <subfield code="l">0</subfield>
    <subfield code="p">2026-1664</subfield>
    <subfield code="r">2026-03-03</subfield>
    <subfield code="t">e.1</subfield>
    <subfield code="w">2026-03-03</subfield>
    <subfield code="y">ISSUE</subfield>
  </datafield>
  <datafield tag="952" ind1=" " ind2=" ">
    <subfield code="0">0</subfield>
    <subfield code="1">0</subfield>
    <subfield code="2">ddc</subfield>
    <subfield code="4">0</subfield>
    <subfield code="5">6</subfield>
    <subfield code="7">0</subfield>
    <subfield code="8">SE</subfield>
    <subfield code="a">BNPHU</subfield>
    <subfield code="b">BNPHU</subfield>
    <subfield code="d">2026-03-03</subfield>
    <subfield code="h">A&#xF1;o 1. N&#xFA;mero 49, agosto 2016</subfield>
    <subfield code="l">0</subfield>
    <subfield code="p">2026-1665</subfield>
    <subfield code="r">2026-03-03</subfield>
    <subfield code="t">e.2</subfield>
    <subfield code="w">2026-03-03</subfield>
    <subfield code="y">ISSUE</subfield>
  </datafield>
  <datafield tag="952" ind1=" " ind2=" ">
    <subfield code="0">0</subfield>
    <subfield code="1">0</subfield>
    <subfield code="2">ddc</subfield>
    <subfield code="4">0</subfield>
    <subfield code="5">6</subfield>
    <subfield code="7">0</subfield>
    <subfield code="8">SE</subfield>
    <subfield code="a">BNPHU</subfield>
    <subfield code="b">BNPHU</subfield>
    <subfield code="d">2026-03-03</subfield>
    <subfield code="h">A&#xF1;o 1. N&#xFA;mero 50, septiembre 2016</subfield>
    <subfield code="l">0</subfield>
    <subfield code="p">2026-1666</subfield>
    <subfield code="r">2026-03-03</subfield>
    <subfield code="t">e.1</subfield>
    <subfield code="w">2026-03-03</subfield>
    <subfield code="y">ISSUE</subfield>
  </datafield>
  <datafield tag="952" ind1=" " ind2=" ">
    <subfield code="0">0</subfield>
    <subfield code="1">0</subfield>
    <subfield code="2">ddc</subfield>
    <subfield code="4">0</subfield>
    <subfield code="5">6</subfield>
    <subfield code="7">0</subfield>
    <subfield code="8">SE</subfield>
    <subfield code="a">BNPHU</subfield>
    <subfield code="b">BNPHU</subfield>
    <subfield code="d">2026-03-03</subfield>
    <subfield code="h">A&#xF1;o 1. N&#xFA;mero 52, septiembre 2016</subfield>
    <subfield code="l">0</subfield>
    <subfield code="p">2026-1667</subfield>
    <subfield code="r">2026-03-03</subfield>
    <subfield code="t">e.1</subfield>
    <subfield code="w">2026-03-03</subfield>
    <subfield code="y">ISSUE</subfield>
  </datafield>
  <datafield tag="952" ind1=" " ind2=" ">
    <subfield code="0">0</subfield>
    <subfield code="1">0</subfield>
    <subfield code="2">ddc</subfield>
    <subfield code="4">0</subfield>
    <subfield code="5">6</subfield>
    <subfield code="7">0</subfield>
    <subfield code="8">SE</subfield>
    <subfield code="a">BNPHU</subfield>
    <subfield code="b">BNPHU</subfield>
    <subfield code="d">2026-03-03</subfield>
    <subfield code="h">A&#xF1;o 2. N&#xFA;mero 53, septiembre 2016</subfield>
    <subfield code="l">0</subfield>
    <subfield code="p">2026-1668</subfield>
    <subfield code="r">2026-03-03</subfield>
    <subfield code="t">e.1</subfield>
    <subfield code="w">2026-03-03</subfield>
    <subfield code="y">ISSUE</subfield>
  </datafield>
  <datafield tag="952" ind1=" " ind2=" ">
    <subfield code="0">0</subfield>
    <subfield code="1">0</subfield>
    <subfield code="2">ddc</subfield>
    <subfield code="4">0</subfield>
    <subfield code="5">6</subfield>
    <subfield code="7">0</subfield>
    <subfield code="8">SE</subfield>
    <subfield code="a">BNPHU</subfield>
    <subfield code="b">BNPHU</subfield>
    <subfield code="d">2026-03-03</subfield>
    <subfield code="h">A&#xF1;o 2. N&#xFA;mero 53, septiembre 2016</subfield>
    <subfield code="l">0</subfield>
    <subfield code="p">2026-1669</subfield>
    <subfield code="r">2026-03-03</subfield>
    <subfield code="t">e.2</subfield>
    <subfield code="w">2026-03-03</subfield>
    <subfield code="y">ISSUE</subfield>
  </datafield>
  <datafield tag="952" ind1=" " ind2=" ">
    <subfield code="0">0</subfield>
    <subfield code="1">0</subfield>
    <subfield code="2">ddc</subfield>
    <subfield code="4">0</subfield>
    <subfield code="5">6</subfield>
    <subfield code="7">0</subfield>
    <subfield code="8">SE</subfield>
    <subfield code="a">BNPHU</subfield>
    <subfield code="b">BNPHU</subfield>
    <subfield code="d">2026-03-03</subfield>
    <subfield code="h">A&#xF1;o 2. N&#xFA;mero 53, septiembre 2016</subfield>
    <subfield code="l">0</subfield>
    <subfield code="p">2026-1670</subfield>
    <subfield code="r">2026-03-03</subfield>
    <subfield code="t">e.3</subfield>
    <subfield code="w">2026-03-03</subfield>
    <subfield code="y">ISSUE</subfield>
  </datafield>
  <datafield tag="952" ind1=" " ind2=" ">
    <subfield code="0">0</subfield>
    <subfield code="1">0</subfield>
    <subfield code="2">ddc</subfield>
    <subfield code="4">0</subfield>
    <subfield code="5">6</subfield>
    <subfield code="7">0</subfield>
    <subfield code="8">SE</subfield>
    <subfield code="a">BNPHU</subfield>
    <subfield code="b">BNPHU</subfield>
    <subfield code="d">2026-03-03</subfield>
    <subfield code="h">A&#xF1;o 2. N&#xFA;mero 54, septiembre 2016</subfield>
    <subfield code="l">0</subfield>
    <subfield code="p">2026-1671</subfield>
    <subfield code="r">2026-03-03</subfield>
    <subfield code="t">e.1</subfield>
    <subfield code="w">2026-03-03</subfield>
    <subfield code="y">ISSUE</subfield>
  </datafield>
  <datafield tag="952" ind1=" " ind2=" ">
    <subfield code="0">0</subfield>
    <subfield code="1">0</subfield>
    <subfield code="2">ddc</subfield>
    <subfield code="4">0</subfield>
    <subfield code="5">6</subfield>
    <subfield code="7">0</subfield>
    <subfield code="8">SE</subfield>
    <subfield code="a">BNPHU</subfield>
    <subfield code="b">BNPHU</subfield>
    <subfield code="d">2026-03-03</subfield>
    <subfield code="h">A&#xF1;o 2. N&#xFA;mero 55, octubre 2016</subfield>
    <subfield code="l">0</subfield>
    <subfield code="p">2026-1672</subfield>
    <subfield code="r">2026-03-03</subfield>
    <subfield code="t">e.1</subfield>
    <subfield code="w">2026-03-03</subfield>
    <subfield code="y">ISSUE</subfield>
  </datafield>
  <datafield tag="952" ind1=" " ind2=" ">
    <subfield code="0">0</subfield>
    <subfield code="1">0</subfield>
    <subfield code="2">ddc</subfield>
    <subfield code="4">0</subfield>
    <subfield code="5">6</subfield>
    <subfield code="7">0</subfield>
    <subfield code="8">SE</subfield>
    <subfield code="a">BNPHU</subfield>
    <subfield code="b">BNPHU</subfield>
    <subfield code="d">2026-03-03</subfield>
    <subfield code="h">A&#xF1;o 2. N&#xFA;mero 55, octubre 2016</subfield>
    <subfield code="l">0</subfield>
    <subfield code="p">2026-1673</subfield>
    <subfield code="r">2026-03-03</subfield>
    <subfield code="t">e.2</subfield>
    <subfield code="w">2026-03-03</subfield>
    <subfield code="y">ISSUE</subfield>
  </datafield>
  <datafield tag="952" ind1=" " ind2=" ">
    <subfield code="0">0</subfield>
    <subfield code="1">0</subfield>
    <subfield code="2">ddc</subfield>
    <subfield code="4">0</subfield>
    <subfield code="5">6</subfield>
    <subfield code="7">0</subfield>
    <subfield code="8">SE</subfield>
    <subfield code="a">BNPHU</subfield>
    <subfield code="b">BNPHU</subfield>
    <subfield code="d">2026-03-03</subfield>
    <subfield code="h">A&#xF1;o 2. N&#xFA;mero 55, octubre 2016</subfield>
    <subfield code="l">0</subfield>
    <subfield code="p">2026-1674</subfield>
    <subfield code="r">2026-03-03</subfield>
    <subfield code="t">e.3</subfield>
    <subfield code="w">2026-03-03</subfield>
    <subfield code="y">ISSUE</subfield>
  </datafield>
  <datafield tag="952" ind1=" " ind2=" ">
    <subfield code="0">0</subfield>
    <subfield code="1">0</subfield>
    <subfield code="2">ddc</subfield>
    <subfield code="4">0</subfield>
    <subfield code="5">6</subfield>
    <subfield code="7">0</subfield>
    <subfield code="8">SE</subfield>
    <subfield code="a">BNPHU</subfield>
    <subfield code="b">BNPHU</subfield>
    <subfield code="d">2026-03-03</subfield>
    <subfield code="h">A&#xF1;o 2. N&#xFA;mero 57, octubre 2016</subfield>
    <subfield code="l">0</subfield>
    <subfield code="p">2026-1675</subfield>
    <subfield code="r">2026-03-03</subfield>
    <subfield code="t">e.1</subfield>
    <subfield code="w">2026-03-03</subfield>
    <subfield code="y">ISSUE</subfield>
  </datafield>
  <datafield tag="952" ind1=" " ind2=" ">
    <subfield code="0">0</subfield>
    <subfield code="1">0</subfield>
    <subfield code="2">ddc</subfield>
    <subfield code="4">0</subfield>
    <subfield code="5">6</subfield>
    <subfield code="7">0</subfield>
    <subfield code="8">SE</subfield>
    <subfield code="a">BNPHU</subfield>
    <subfield code="b">BNPHU</subfield>
    <subfield code="d">2026-03-03</subfield>
    <subfield code="h">A&#xF1;o 2. N&#xFA;mero 58, octubre 2016</subfield>
    <subfield code="l">0</subfield>
    <subfield code="p">2026-1676</subfield>
    <subfield code="r">2026-03-03</subfield>
    <subfield code="t">e.1</subfield>
    <subfield code="w">2026-03-03</subfield>
    <subfield code="y">ISSUE</subfield>
  </datafield>
  <datafield tag="952" ind1=" " ind2=" ">
    <subfield code="0">0</subfield>
    <subfield code="1">0</subfield>
    <subfield code="2">ddc</subfield>
    <subfield code="4">0</subfield>
    <subfield code="5">6</subfield>
    <subfield code="7">0</subfield>
    <subfield code="8">SE</subfield>
    <subfield code="a">BNPHU</subfield>
    <subfield code="b">BNPHU</subfield>
    <subfield code="d">2026-03-03</subfield>
    <subfield code="h">A&#xF1;o 2. N&#xFA;mero 59, noviembre 2016</subfield>
    <subfield code="l">0</subfield>
    <subfield code="p">2026-1677</subfield>
    <subfield code="r">2026-03-03</subfield>
    <subfield code="t">e.1</subfield>
    <subfield code="w">2026-03-03</subfield>
    <subfield code="y">ISSUE</subfield>
  </datafield>
  <datafield tag="952" ind1=" " ind2=" ">
    <subfield code="0">0</subfield>
    <subfield code="1">0</subfield>
    <subfield code="2">ddc</subfield>
    <subfield code="4">0</subfield>
    <subfield code="5">6</subfield>
    <subfield code="7">0</subfield>
    <subfield code="8">SE</subfield>
    <subfield code="a">BNPHU</subfield>
    <subfield code="b">BNPHU</subfield>
    <subfield code="d">2026-03-03</subfield>
    <subfield code="h">A&#xF1;o 2. N&#xFA;mero 60, noviembre 2016</subfield>
    <subfield code="l">0</subfield>
    <subfield code="p">2026-1678</subfield>
    <subfield code="r">2026-03-03</subfield>
    <subfield code="t">e.1</subfield>
    <subfield code="w">2026-03-03</subfield>
    <subfield code="y">ISSUE</subfield>
  </datafield>
  <datafield tag="952" ind1=" " ind2=" ">
    <subfield code="0">0</subfield>
    <subfield code="1">0</subfield>
    <subfield code="2">ddc</subfield>
    <subfield code="4">0</subfield>
    <subfield code="5">6</subfield>
    <subfield code="7">0</subfield>
    <subfield code="8">SE</subfield>
    <subfield code="a">BNPHU</subfield>
    <subfield code="b">BNPHU</subfield>
    <subfield code="d">2026-03-04</subfield>
    <subfield code="h">A&#xF1;o 2. N&#xFA;mero 61, noviembre 2016</subfield>
    <subfield code="l">0</subfield>
    <subfield code="p">2026-1687</subfield>
    <subfield code="r">2026-03-04</subfield>
    <subfield code="t">e.1</subfield>
    <subfield code="w">2026-03-04</subfield>
    <subfield code="y">ISSUE</subfield>
  </datafield>
  <datafield tag="952" ind1=" " ind2=" ">
    <subfield code="0">0</subfield>
    <subfield code="1">0</subfield>
    <subfield code="2">ddc</subfield>
    <subfield code="4">0</subfield>
    <subfield code="5">6</subfield>
    <subfield code="7">0</subfield>
    <subfield code="8">SE</subfield>
    <subfield code="a">BNPHU</subfield>
    <subfield code="b">BNPHU</subfield>
    <subfield code="d">2026-03-04</subfield>
    <subfield code="h">A&#xF1;o 2. N&#xFA;mero 62, noviembre 2016</subfield>
    <subfield code="l">0</subfield>
    <subfield code="p">2026-1688</subfield>
    <subfield code="r">2026-03-04</subfield>
    <subfield code="t">e.1</subfield>
    <subfield code="w">2026-03-04</subfield>
    <subfield code="y">ISSUE</subfield>
  </datafield>
  <datafield tag="952" ind1=" " ind2=" ">
    <subfield code="0">0</subfield>
    <subfield code="1">0</subfield>
    <subfield code="2">ddc</subfield>
    <subfield code="4">0</subfield>
    <subfield code="5">6</subfield>
    <subfield code="7">0</subfield>
    <subfield code="8">SE</subfield>
    <subfield code="a">BNPHU</subfield>
    <subfield code="b">BNPHU</subfield>
    <subfield code="d">2026-03-04</subfield>
    <subfield code="h">A&#xF1;o 2. N&#xFA;mero 62, noviembre 2016</subfield>
    <subfield code="l">0</subfield>
    <subfield code="p">2026-1689</subfield>
    <subfield code="r">2026-03-04</subfield>
    <subfield code="t">e.2</subfield>
    <subfield code="w">2026-03-04</subfield>
    <subfield code="y">ISSUE</subfield>
  </datafield>
  <datafield tag="952" ind1=" " ind2=" ">
    <subfield code="0">0</subfield>
    <subfield code="1">0</subfield>
    <subfield code="2">ddc</subfield>
    <subfield code="4">0</subfield>
    <subfield code="5">6</subfield>
    <subfield code="7">0</subfield>
    <subfield code="8">SE</subfield>
    <subfield code="a">BNPHU</subfield>
    <subfield code="b">BNPHU</subfield>
    <subfield code="d">2026-03-04</subfield>
    <subfield code="h">A&#xF1;o 2. N&#xFA;mero 62, noviembre 2016</subfield>
    <subfield code="l">0</subfield>
    <subfield code="p">2026-1690</subfield>
    <subfield code="r">2026-03-04</subfield>
    <subfield code="t">e.3</subfield>
    <subfield code="w">2026-03-04</subfield>
    <subfield code="y">ISSUE</subfield>
  </datafield>
  <datafield tag="952" ind1=" " ind2=" ">
    <subfield code="0">0</subfield>
    <subfield code="1">0</subfield>
    <subfield code="2">ddc</subfield>
    <subfield code="4">0</subfield>
    <subfield code="5">6</subfield>
    <subfield code="7">0</subfield>
    <subfield code="8">SE</subfield>
    <subfield code="a">BNPHU</subfield>
    <subfield code="b">BNPHU</subfield>
    <subfield code="d">2026-03-04</subfield>
    <subfield code="h">A&#xF1;o 2. N&#xFA;mero 63, diciembre 2016</subfield>
    <subfield code="l">0</subfield>
    <subfield code="p">2026-1691</subfield>
    <subfield code="r">2026-03-04</subfield>
    <subfield code="t">e.1</subfield>
    <subfield code="w">2026-03-04</subfield>
    <subfield code="y">ISSUE</subfield>
  </datafield>
  <datafield tag="952" ind1=" " ind2=" ">
    <subfield code="0">0</subfield>
    <subfield code="1">0</subfield>
    <subfield code="2">ddc</subfield>
    <subfield code="4">0</subfield>
    <subfield code="5">6</subfield>
    <subfield code="7">0</subfield>
    <subfield code="8">SE</subfield>
    <subfield code="a">BNPHU</subfield>
    <subfield code="b">BNPHU</subfield>
    <subfield code="d">2026-03-04</subfield>
    <subfield code="h">A&#xF1;o 2. N&#xFA;mero 66, diciembre 2016</subfield>
    <subfield code="l">0</subfield>
    <subfield code="p">2026-1692</subfield>
    <subfield code="r">2026-03-04</subfield>
    <subfield code="t">e.1</subfield>
    <subfield code="w">2026-03-04</subfield>
    <subfield code="y">ISSUE</subfield>
  </datafield>
  <datafield tag="952" ind1=" " ind2=" ">
    <subfield code="0">0</subfield>
    <subfield code="1">0</subfield>
    <subfield code="2">ddc</subfield>
    <subfield code="4">0</subfield>
    <subfield code="5">6</subfield>
    <subfield code="7">0</subfield>
    <subfield code="8">SE</subfield>
    <subfield code="a">BNPHU</subfield>
    <subfield code="b">BNPHU</subfield>
    <subfield code="d">2026-03-04</subfield>
    <subfield code="h">A&#xF1;o 2. N&#xFA;mero 66, diciembre 2016</subfield>
    <subfield code="l">0</subfield>
    <subfield code="p">2026-1693</subfield>
    <subfield code="r">2026-03-04</subfield>
    <subfield code="t">e.2</subfield>
    <subfield code="w">2026-03-04</subfield>
    <subfield code="y">ISSUE</subfield>
  </datafield>
  <datafield tag="952" ind1=" " ind2=" ">
    <subfield code="0">0</subfield>
    <subfield code="1">0</subfield>
    <subfield code="2">ddc</subfield>
    <subfield code="4">0</subfield>
    <subfield code="5">6</subfield>
    <subfield code="7">0</subfield>
    <subfield code="8">SE</subfield>
    <subfield code="a">BNPHU</subfield>
    <subfield code="b">BNPHU</subfield>
    <subfield code="d">2026-03-04</subfield>
    <subfield code="h">A&#xF1;o 2. N&#xFA;mero 67, diciembre 2016</subfield>
    <subfield code="l">0</subfield>
    <subfield code="p">2026-1694</subfield>
    <subfield code="r">2026-03-04</subfield>
    <subfield code="t">e.1</subfield>
    <subfield code="w">2026-03-04</subfield>
    <subfield code="y">ISSUE</subfield>
  </datafield>
  <datafield tag="952" ind1=" " ind2=" ">
    <subfield code="0">0</subfield>
    <subfield code="1">0</subfield>
    <subfield code="2">ddc</subfield>
    <subfield code="4">0</subfield>
    <subfield code="5">6</subfield>
    <subfield code="7">0</subfield>
    <subfield code="8">SE</subfield>
    <subfield code="a">BNPHU</subfield>
    <subfield code="b">BNPHU</subfield>
    <subfield code="d">2026-03-04</subfield>
    <subfield code="h">A&#xF1;o 2. N&#xFA;mero 67, diciembre 2016</subfield>
    <subfield code="l">0</subfield>
    <subfield code="p">2026-1695</subfield>
    <subfield code="r">2026-03-04</subfield>
    <subfield code="t">e.2</subfield>
    <subfield code="w">2026-03-04</subfield>
    <subfield code="y">ISSUE</subfield>
  </datafield>
  <datafield tag="952" ind1=" " ind2=" ">
    <subfield code="0">0</subfield>
    <subfield code="1">0</subfield>
    <subfield code="2">ddc</subfield>
    <subfield code="4">0</subfield>
    <subfield code="5">6</subfield>
    <subfield code="7">0</subfield>
    <subfield code="8">SE</subfield>
    <subfield code="a">BNPHU</subfield>
    <subfield code="b">BNPHU</subfield>
    <subfield code="d">2026-03-04</subfield>
    <subfield code="h">A&#xF1;o 2. N&#xFA;mero 68, enero 2017</subfield>
    <subfield code="l">0</subfield>
    <subfield code="p">2026-1696</subfield>
    <subfield code="r">2026-03-04</subfield>
    <subfield code="t">e.1</subfield>
    <subfield code="w">2026-03-04</subfield>
    <subfield code="y">ISSUE</subfield>
  </datafield>
  <datafield tag="952" ind1=" " ind2=" ">
    <subfield code="0">0</subfield>
    <subfield code="1">0</subfield>
    <subfield code="2">ddc</subfield>
    <subfield code="4">0</subfield>
    <subfield code="5">6</subfield>
    <subfield code="7">0</subfield>
    <subfield code="8">SE</subfield>
    <subfield code="a">BNPHU</subfield>
    <subfield code="b">BNPHU</subfield>
    <subfield code="d">2026-03-04</subfield>
    <subfield code="h">A&#xF1;o 2. N&#xFA;mero 68, enero 2017</subfield>
    <subfield code="l">0</subfield>
    <subfield code="p">2026-1697</subfield>
    <subfield code="r">2026-03-04</subfield>
    <subfield code="t">e.2</subfield>
    <subfield code="w">2026-03-04</subfield>
    <subfield code="y">ISSUE</subfield>
  </datafield>
  <datafield tag="952" ind1=" " ind2=" ">
    <subfield code="0">0</subfield>
    <subfield code="1">0</subfield>
    <subfield code="2">ddc</subfield>
    <subfield code="4">0</subfield>
    <subfield code="5">6</subfield>
    <subfield code="7">0</subfield>
    <subfield code="8">SE</subfield>
    <subfield code="a">BNPHU</subfield>
    <subfield code="b">BNPHU</subfield>
    <subfield code="d">2026-03-04</subfield>
    <subfield code="h">A&#xF1;o 2. N&#xFA;mero 68, enero 2017</subfield>
    <subfield code="l">0</subfield>
    <subfield code="p">2026-1698</subfield>
    <subfield code="r">2026-03-04</subfield>
    <subfield code="t">e.3</subfield>
    <subfield code="w">2026-03-04</subfield>
    <subfield code="y">ISSUE</subfield>
  </datafield>
  <datafield tag="952" ind1=" " ind2=" ">
    <subfield code="0">0</subfield>
    <subfield code="1">0</subfield>
    <subfield code="2">ddc</subfield>
    <subfield code="4">0</subfield>
    <subfield code="5">6</subfield>
    <subfield code="7">0</subfield>
    <subfield code="8">SE</subfield>
    <subfield code="a">BNPHU</subfield>
    <subfield code="b">BNPHU</subfield>
    <subfield code="d">2026-03-04</subfield>
    <subfield code="h">A&#xF1;o 2. N&#xFA;mero 71, enero 2017</subfield>
    <subfield code="l">0</subfield>
    <subfield code="p">2026-1699</subfield>
    <subfield code="r">2026-03-04</subfield>
    <subfield code="t">e.1</subfield>
    <subfield code="w">2026-03-04</subfield>
    <subfield code="y">ISSUE</subfield>
  </datafield>
  <datafield tag="952" ind1=" " ind2=" ">
    <subfield code="0">0</subfield>
    <subfield code="1">0</subfield>
    <subfield code="2">ddc</subfield>
    <subfield code="4">0</subfield>
    <subfield code="5">6</subfield>
    <subfield code="7">0</subfield>
    <subfield code="8">SE</subfield>
    <subfield code="a">BNPHU</subfield>
    <subfield code="b">BNPHU</subfield>
    <subfield code="d">2026-03-04</subfield>
    <subfield code="h">A&#xF1;o 2. N&#xFA;mero 72, febrero 2017</subfield>
    <subfield code="l">0</subfield>
    <subfield code="p">2026-1700</subfield>
    <subfield code="r">2026-03-04</subfield>
    <subfield code="t">e.1</subfield>
    <subfield code="w">2026-03-04</subfield>
    <subfield code="y">ISSUE</subfield>
  </datafield>
  <datafield tag="952" ind1=" " ind2=" ">
    <subfield code="0">0</subfield>
    <subfield code="1">0</subfield>
    <subfield code="2">ddc</subfield>
    <subfield code="4">0</subfield>
    <subfield code="5">6</subfield>
    <subfield code="7">0</subfield>
    <subfield code="8">SE</subfield>
    <subfield code="a">BNPHU</subfield>
    <subfield code="b">BNPHU</subfield>
    <subfield code="d">2026-03-04</subfield>
    <subfield code="h">A&#xF1;o 2. N&#xFA;mero 74, febrero 2017</subfield>
    <subfield code="l">0</subfield>
    <subfield code="p">2026-1701</subfield>
    <subfield code="r">2026-03-04</subfield>
    <subfield code="t">e.1</subfield>
    <subfield code="w">2026-03-04</subfield>
    <subfield code="y">ISSUE</subfield>
  </datafield>
  <datafield tag="952" ind1=" " ind2=" ">
    <subfield code="0">0</subfield>
    <subfield code="1">0</subfield>
    <subfield code="2">ddc</subfield>
    <subfield code="4">0</subfield>
    <subfield code="5">6</subfield>
    <subfield code="7">0</subfield>
    <subfield code="8">SE</subfield>
    <subfield code="a">BNPHU</subfield>
    <subfield code="b">BNPHU</subfield>
    <subfield code="d">2026-03-04</subfield>
    <subfield code="h">A&#xF1;o 2. N&#xFA;mero 74, febrero 2017</subfield>
    <subfield code="l">0</subfield>
    <subfield code="p">2026-1702</subfield>
    <subfield code="r">2026-03-04</subfield>
    <subfield code="t">e.2</subfield>
    <subfield code="w">2026-03-04</subfield>
    <subfield code="y">ISSUE</subfield>
  </datafield>
  <datafield tag="952" ind1=" " ind2=" ">
    <subfield code="0">0</subfield>
    <subfield code="1">0</subfield>
    <subfield code="2">ddc</subfield>
    <subfield code="4">0</subfield>
    <subfield code="5">6</subfield>
    <subfield code="7">0</subfield>
    <subfield code="8">SE</subfield>
    <subfield code="a">BNPHU</subfield>
    <subfield code="b">BNPHU</subfield>
    <subfield code="d">2026-03-04</subfield>
    <subfield code="h">A&#xF1;o 2. N&#xFA;mero 78, marzo 2017</subfield>
    <subfield code="l">0</subfield>
    <subfield code="p">2026-1703</subfield>
    <subfield code="r">2026-03-04</subfield>
    <subfield code="t">e.1</subfield>
    <subfield code="w">2026-03-04</subfield>
    <subfield code="y">ISSUE</subfield>
  </datafield>
  <datafield tag="952" ind1=" " ind2=" ">
    <subfield code="0">0</subfield>
    <subfield code="1">0</subfield>
    <subfield code="2">ddc</subfield>
    <subfield code="4">0</subfield>
    <subfield code="5">6</subfield>
    <subfield code="7">0</subfield>
    <subfield code="8">SE</subfield>
    <subfield code="a">BNPHU</subfield>
    <subfield code="b">BNPHU</subfield>
    <subfield code="d">2026-03-04</subfield>
    <subfield code="h">A&#xF1;o 2. N&#xFA;mero 80, marzo 2017</subfield>
    <subfield code="l">0</subfield>
    <subfield code="p">2026-1704</subfield>
    <subfield code="r">2026-03-04</subfield>
    <subfield code="t">e.1</subfield>
    <subfield code="w">2026-03-04</subfield>
    <subfield code="y">ISSUE</subfield>
  </datafield>
  <datafield tag="952" ind1=" " ind2=" ">
    <subfield code="0">0</subfield>
    <subfield code="1">0</subfield>
    <subfield code="2">ddc</subfield>
    <subfield code="4">0</subfield>
    <subfield code="5">6</subfield>
    <subfield code="7">0</subfield>
    <subfield code="8">SE</subfield>
    <subfield code="a">BNPHU</subfield>
    <subfield code="b">BNPHU</subfield>
    <subfield code="d">2026-03-04</subfield>
    <subfield code="h">A&#xF1;o 2. N&#xFA;mero 80, marzo 2017</subfield>
    <subfield code="l">0</subfield>
    <subfield code="p">2026-1705</subfield>
    <subfield code="r">2026-03-04</subfield>
    <subfield code="t">e.2</subfield>
    <subfield code="w">2026-03-04</subfield>
    <subfield code="y">ISSUE</subfield>
  </datafield>
  <datafield tag="952" ind1=" " ind2=" ">
    <subfield code="0">0</subfield>
    <subfield code="1">0</subfield>
    <subfield code="2">ddc</subfield>
    <subfield code="4">0</subfield>
    <subfield code="5">6</subfield>
    <subfield code="7">0</subfield>
    <subfield code="8">SE</subfield>
    <subfield code="a">BNPHU</subfield>
    <subfield code="b">BNPHU</subfield>
    <subfield code="d">2026-03-04</subfield>
    <subfield code="h">A&#xF1;o 2. N&#xFA;mero 82, abril 2017</subfield>
    <subfield code="l">0</subfield>
    <subfield code="p">2026-1706</subfield>
    <subfield code="r">2026-03-04</subfield>
    <subfield code="t">e.1</subfield>
    <subfield code="w">2026-03-04</subfield>
    <subfield code="y">ISSUE</subfield>
  </datafield>
  <datafield tag="952" ind1=" " ind2=" ">
    <subfield code="0">0</subfield>
    <subfield code="1">0</subfield>
    <subfield code="2">ddc</subfield>
    <subfield code="4">0</subfield>
    <subfield code="5">6</subfield>
    <subfield code="7">0</subfield>
    <subfield code="8">SE</subfield>
    <subfield code="a">BNPHU</subfield>
    <subfield code="b">BNPHU</subfield>
    <subfield code="d">2026-03-04</subfield>
    <subfield code="h">A&#xF1;o 2. N&#xFA;mero 82, abril 2017</subfield>
    <subfield code="l">0</subfield>
    <subfield code="p">2026-1707</subfield>
    <subfield code="r">2026-03-04</subfield>
    <subfield code="t">e.2</subfield>
    <subfield code="w">2026-03-04</subfield>
    <subfield code="y">ISSUE</subfield>
  </datafield>
  <datafield tag="952" ind1=" " ind2=" ">
    <subfield code="0">0</subfield>
    <subfield code="1">0</subfield>
    <subfield code="2">ddc</subfield>
    <subfield code="4">0</subfield>
    <subfield code="5">6</subfield>
    <subfield code="7">0</subfield>
    <subfield code="8">SE</subfield>
    <subfield code="a">BNPHU</subfield>
    <subfield code="b">BNPHU</subfield>
    <subfield code="d">2026-03-04</subfield>
    <subfield code="h">A&#xF1;o 2. N&#xFA;mero 88, mayo 2017</subfield>
    <subfield code="l">0</subfield>
    <subfield code="p">2026-1708</subfield>
    <subfield code="r">2026-03-04</subfield>
    <subfield code="t">e.1</subfield>
    <subfield code="w">2026-03-04</subfield>
    <subfield code="y">ISSUE</subfield>
  </datafield>
  <datafield tag="952" ind1=" " ind2=" ">
    <subfield code="0">0</subfield>
    <subfield code="1">0</subfield>
    <subfield code="2">ddc</subfield>
    <subfield code="4">0</subfield>
    <subfield code="5">6</subfield>
    <subfield code="7">0</subfield>
    <subfield code="8">SE</subfield>
    <subfield code="a">BNPHU</subfield>
    <subfield code="b">BNPHU</subfield>
    <subfield code="d">2026-03-04</subfield>
    <subfield code="h">A&#xF1;o 2. N&#xFA;mero 88, mayo 2017</subfield>
    <subfield code="l">0</subfield>
    <subfield code="p">2026-1709</subfield>
    <subfield code="r">2026-03-04</subfield>
    <subfield code="t">e.2</subfield>
    <subfield code="w">2026-03-04</subfield>
    <subfield code="y">ISSUE</subfield>
  </datafield>
  <datafield tag="952" ind1=" " ind2=" ">
    <subfield code="0">0</subfield>
    <subfield code="1">0</subfield>
    <subfield code="2">ddc</subfield>
    <subfield code="4">0</subfield>
    <subfield code="5">6</subfield>
    <subfield code="7">0</subfield>
    <subfield code="8">SE</subfield>
    <subfield code="a">BNPHU</subfield>
    <subfield code="b">BNPHU</subfield>
    <subfield code="d">2026-03-04</subfield>
    <subfield code="h">A&#xF1;o 2. N&#xFA;mero 89, junio 2017</subfield>
    <subfield code="l">0</subfield>
    <subfield code="p">2026-1710</subfield>
    <subfield code="r">2026-03-04</subfield>
    <subfield code="t">e.1</subfield>
    <subfield code="w">2026-03-04</subfield>
    <subfield code="y">ISSUE</subfield>
  </datafield>
  <datafield tag="952" ind1=" " ind2=" ">
    <subfield code="0">0</subfield>
    <subfield code="1">0</subfield>
    <subfield code="2">ddc</subfield>
    <subfield code="4">0</subfield>
    <subfield code="5">6</subfield>
    <subfield code="7">0</subfield>
    <subfield code="8">SE</subfield>
    <subfield code="a">BNPHU</subfield>
    <subfield code="b">BNPHU</subfield>
    <subfield code="d">2026-03-04</subfield>
    <subfield code="h">A&#xF1;o 2. N&#xFA;mero 93, junio 2017</subfield>
    <subfield code="l">0</subfield>
    <subfield code="p">2026-1711</subfield>
    <subfield code="r">2026-03-04</subfield>
    <subfield code="t">e.1</subfield>
    <subfield code="w">2026-03-04</subfield>
    <subfield code="y">ISSUE</subfield>
  </datafield>
  <datafield tag="952" ind1=" " ind2=" ">
    <subfield code="0">0</subfield>
    <subfield code="1">0</subfield>
    <subfield code="2">ddc</subfield>
    <subfield code="4">0</subfield>
    <subfield code="5">6</subfield>
    <subfield code="7">0</subfield>
    <subfield code="8">SE</subfield>
    <subfield code="a">BNPHU</subfield>
    <subfield code="b">BNPHU</subfield>
    <subfield code="d">2026-03-04</subfield>
    <subfield code="h">A&#xF1;o 2. N&#xFA;mero 93, junio 2017</subfield>
    <subfield code="l">0</subfield>
    <subfield code="p">2026-1712</subfield>
    <subfield code="r">2026-03-04</subfield>
    <subfield code="t">e.2</subfield>
    <subfield code="w">2026-03-04</subfield>
    <subfield code="y">ISSUE</subfield>
  </datafield>
  <datafield tag="952" ind1=" " ind2=" ">
    <subfield code="0">0</subfield>
    <subfield code="1">0</subfield>
    <subfield code="2">ddc</subfield>
    <subfield code="4">0</subfield>
    <subfield code="5">6</subfield>
    <subfield code="7">0</subfield>
    <subfield code="8">SE</subfield>
    <subfield code="a">BNPHU</subfield>
    <subfield code="b">BNPHU</subfield>
    <subfield code="d">2026-03-04</subfield>
    <subfield code="h">A&#xF1;o 2. N&#xFA;mero 95, julio 2017</subfield>
    <subfield code="l">0</subfield>
    <subfield code="p">2026-1713</subfield>
    <subfield code="r">2026-03-04</subfield>
    <subfield code="t">e.1</subfield>
    <subfield code="w">2026-03-04</subfield>
    <subfield code="y">ISSUE</subfield>
  </datafield>
  <datafield tag="952" ind1=" " ind2=" ">
    <subfield code="0">0</subfield>
    <subfield code="1">0</subfield>
    <subfield code="2">ddc</subfield>
    <subfield code="4">0</subfield>
    <subfield code="5">6</subfield>
    <subfield code="7">0</subfield>
    <subfield code="8">SE</subfield>
    <subfield code="a">BNPHU</subfield>
    <subfield code="b">BNPHU</subfield>
    <subfield code="d">2026-03-04</subfield>
    <subfield code="h">A&#xF1;o 2. N&#xFA;mero 95, julio 2017</subfield>
    <subfield code="l">0</subfield>
    <subfield code="p">2026-1714</subfield>
    <subfield code="r">2026-03-04</subfield>
    <subfield code="t">e.2</subfield>
    <subfield code="w">2026-03-04</subfield>
    <subfield code="y">ISSUE</subfield>
  </datafield>
  <datafield tag="952" ind1=" " ind2=" ">
    <subfield code="0">0</subfield>
    <subfield code="1">0</subfield>
    <subfield code="2">ddc</subfield>
    <subfield code="4">0</subfield>
    <subfield code="5">6</subfield>
    <subfield code="7">0</subfield>
    <subfield code="8">SE</subfield>
    <subfield code="a">BNPHU</subfield>
    <subfield code="b">BNPHU</subfield>
    <subfield code="d">2026-03-04</subfield>
    <subfield code="h">A&#xF1;o 2. N&#xFA;mero 102, agosto 2017</subfield>
    <subfield code="l">0</subfield>
    <subfield code="p">2026-1715</subfield>
    <subfield code="r">2026-03-04</subfield>
    <subfield code="t">e.1</subfield>
    <subfield code="w">2026-03-04</subfield>
    <subfield code="y">ISSUE</subfield>
  </datafield>
  <datafield tag="952" ind1=" " ind2=" ">
    <subfield code="0">0</subfield>
    <subfield code="1">0</subfield>
    <subfield code="2">ddc</subfield>
    <subfield code="4">0</subfield>
    <subfield code="5">6</subfield>
    <subfield code="7">0</subfield>
    <subfield code="8">SE</subfield>
    <subfield code="a">BNPHU</subfield>
    <subfield code="b">BNPHU</subfield>
    <subfield code="d">2026-03-04</subfield>
    <subfield code="h">A&#xF1;o 2. N&#xFA;mero 102, agosto 2017</subfield>
    <subfield code="l">0</subfield>
    <subfield code="p">2026-1716</subfield>
    <subfield code="r">2026-03-04</subfield>
    <subfield code="t">e.2</subfield>
    <subfield code="w">2026-03-04</subfield>
    <subfield code="y">ISSUE</subfield>
  </datafield>
  <datafield tag="952" ind1=" " ind2=" ">
    <subfield code="0">0</subfield>
    <subfield code="1">0</subfield>
    <subfield code="2">ddc</subfield>
    <subfield code="4">0</subfield>
    <subfield code="5">6</subfield>
    <subfield code="7">0</subfield>
    <subfield code="8">SE</subfield>
    <subfield code="a">BNPHU</subfield>
    <subfield code="b">BNPHU</subfield>
    <subfield code="d">2026-03-04</subfield>
    <subfield code="h">A&#xF1;o 2. N&#xFA;mero 103, septiembre 2017</subfield>
    <subfield code="l">0</subfield>
    <subfield code="p">2026-1717</subfield>
    <subfield code="r">2026-03-04</subfield>
    <subfield code="t">e.1</subfield>
    <subfield code="w">2026-03-04</subfield>
    <subfield code="y">ISSUE</subfield>
  </datafield>
  <datafield tag="952" ind1=" " ind2=" ">
    <subfield code="0">0</subfield>
    <subfield code="1">0</subfield>
    <subfield code="2">ddc</subfield>
    <subfield code="4">0</subfield>
    <subfield code="5">6</subfield>
    <subfield code="7">0</subfield>
    <subfield code="8">SE</subfield>
    <subfield code="a">BNPHU</subfield>
    <subfield code="b">BNPHU</subfield>
    <subfield code="d">2026-03-04</subfield>
    <subfield code="h">A&#xF1;o 2. N&#xFA;mero 103, septiembre 2017</subfield>
    <subfield code="l">0</subfield>
    <subfield code="p">2026-1718</subfield>
    <subfield code="r">2026-03-04</subfield>
    <subfield code="t">e.2</subfield>
    <subfield code="w">2026-03-04</subfield>
    <subfield code="y">ISSUE</subfield>
  </datafield>
  <datafield tag="952" ind1=" " ind2=" ">
    <subfield code="0">0</subfield>
    <subfield code="1">0</subfield>
    <subfield code="2">ddc</subfield>
    <subfield code="4">0</subfield>
    <subfield code="5">6</subfield>
    <subfield code="7">0</subfield>
    <subfield code="8">SE</subfield>
    <subfield code="a">BNPHU</subfield>
    <subfield code="b">BNPHU</subfield>
    <subfield code="d">2026-03-04</subfield>
    <subfield code="h">A&#xF1;o 3. N&#xFA;mero 107, octubre 2017</subfield>
    <subfield code="l">0</subfield>
    <subfield code="p">2026-1719</subfield>
    <subfield code="r">2026-03-04</subfield>
    <subfield code="t">e.1</subfield>
    <subfield code="w">2026-03-04</subfield>
    <subfield code="y">ISSUE</subfield>
  </datafield>
  <datafield tag="952" ind1=" " ind2=" ">
    <subfield code="0">0</subfield>
    <subfield code="1">0</subfield>
    <subfield code="2">ddc</subfield>
    <subfield code="4">0</subfield>
    <subfield code="5">6</subfield>
    <subfield code="7">0</subfield>
    <subfield code="8">SE</subfield>
    <subfield code="a">BNPHU</subfield>
    <subfield code="b">BNPHU</subfield>
    <subfield code="d">2026-03-04</subfield>
    <subfield code="h">A&#xF1;o 3. N&#xFA;mero 108, octubre 2017</subfield>
    <subfield code="l">0</subfield>
    <subfield code="p">2026-1720</subfield>
    <subfield code="r">2026-03-04</subfield>
    <subfield code="t">e.1</subfield>
    <subfield code="w">2026-03-04</subfield>
    <subfield code="y">ISSUE</subfield>
  </datafield>
  <datafield tag="952" ind1=" " ind2=" ">
    <subfield code="0">0</subfield>
    <subfield code="1">0</subfield>
    <subfield code="2">ddc</subfield>
    <subfield code="4">0</subfield>
    <subfield code="5">6</subfield>
    <subfield code="7">0</subfield>
    <subfield code="8">SE</subfield>
    <subfield code="a">BNPHU</subfield>
    <subfield code="b">BNPHU</subfield>
    <subfield code="d">2026-03-04</subfield>
    <subfield code="h">A&#xF1;o 3. N&#xFA;mero 111, noviembre 2017</subfield>
    <subfield code="l">0</subfield>
    <subfield code="p">2026-1721</subfield>
    <subfield code="r">2026-03-04</subfield>
    <subfield code="t">e.1</subfield>
    <subfield code="w">2026-03-04</subfield>
    <subfield code="y">ISSUE</subfield>
  </datafield>
  <datafield tag="952" ind1=" " ind2=" ">
    <subfield code="0">0</subfield>
    <subfield code="1">0</subfield>
    <subfield code="2">ddc</subfield>
    <subfield code="4">0</subfield>
    <subfield code="5">6</subfield>
    <subfield code="7">0</subfield>
    <subfield code="8">SE</subfield>
    <subfield code="a">BNPHU</subfield>
    <subfield code="b">BNPHU</subfield>
    <subfield code="d">2026-03-04</subfield>
    <subfield code="h">A&#xF1;o 3. N&#xFA;mero 111, noviembre 2017</subfield>
    <subfield code="l">0</subfield>
    <subfield code="p">2026-1722</subfield>
    <subfield code="r">2026-03-04</subfield>
    <subfield code="t">e.2</subfield>
    <subfield code="w">2026-03-04</subfield>
    <subfield code="y">ISSUE</subfield>
  </datafield>
  <datafield tag="952" ind1=" " ind2=" ">
    <subfield code="0">0</subfield>
    <subfield code="1">0</subfield>
    <subfield code="2">ddc</subfield>
    <subfield code="4">0</subfield>
    <subfield code="5">6</subfield>
    <subfield code="7">0</subfield>
    <subfield code="8">SE</subfield>
    <subfield code="a">BNPHU</subfield>
    <subfield code="b">BNPHU</subfield>
    <subfield code="d">2026-03-04</subfield>
    <subfield code="h">A&#xF1;o 3. N&#xFA;mero 116, diciembre 2017</subfield>
    <subfield code="l">0</subfield>
    <subfield code="p">2026-1723</subfield>
    <subfield code="r">2026-03-04</subfield>
    <subfield code="t">e.1</subfield>
    <subfield code="w">2026-03-04</subfield>
    <subfield code="y">ISSUE</subfield>
  </datafield>
  <datafield tag="952" ind1=" " ind2=" ">
    <subfield code="0">0</subfield>
    <subfield code="1">0</subfield>
    <subfield code="2">ddc</subfield>
    <subfield code="4">0</subfield>
    <subfield code="5">6</subfield>
    <subfield code="7">0</subfield>
    <subfield code="8">SE</subfield>
    <subfield code="a">BNPHU</subfield>
    <subfield code="b">BNPHU</subfield>
    <subfield code="d">2026-03-04</subfield>
    <subfield code="h">A&#xF1;o 3. N&#xFA;mero 116, diciembre 2017</subfield>
    <subfield code="l">0</subfield>
    <subfield code="p">2026-1724</subfield>
    <subfield code="r">2026-03-04</subfield>
    <subfield code="t">e.2</subfield>
    <subfield code="w">2026-03-04</subfield>
    <subfield code="y">ISSUE</subfield>
  </datafield>
  <datafield tag="999" ind1=" " ind2=" ">
    <subfield code="c">60412</subfield>
    <subfield code="d">60412</subfield>
  </datafield>
</record>
